| 000 | 01057nam0a22003131 4500 | ||
|---|---|---|---|
| 001 | v19\rc\2066239 | ||
| 005 | 20251118181619.9 | ||
| 035 | _a(NLR Aleph) 005142102 | ||
| 090 |
_a4813435 _c4813435 |
||
| 100 | _a20081111d1916 u y0rusy50 ca | ||
| 101 | 0 | _arus | |
| 102 | _aRU | ||
| 105 | _ay z ||||| | ||
| 200 | 1 |
_aК проекту закона о кооперативных товариществах _fА.Н. Дорошенко |
|
| 210 |
_aПетроград _cтип. Ред. период. изд. М-ва фин. _d1916 |
||
| 215 |
_a[2], IV с., 44 _d22 |
||
| 532 | 1 | 3 | _aК проекту закона о кооперативных товариществах |
| 700 | 1 |
_aДорошенко _bА.Н. _f1884- _gАлексей Николаевич |
|
| 801 | 0 |
_aRU _bNLR _gpsbo |
|
| 801 | 0 |
_aRU _bRuMoRGB _2psbo |
|
| 801 | 1 |
_aRU _bProSoft-M _2rusmarc |
|
| 852 |
_aNLR _j37.61.4.249 |
||
| 899 |
_aRuMoRGB _jV 113/2192 |
||
| 899 |
_aRuMoRGB _jU 402/482 |
||
| 899 | _aБАН | ||
| 899 | _aНБ СПбГУ | ||
| 942 | _cBOOK | ||
| 980 | _aNB | ||